000 00299nam a22001337a 4500
008 170529b xxu||||| |||| 00| 0 eng d
020 _a9780471110279
041 _aeng
080 _a62
100 _a27
101 _aIM
245 _aENGINEERING ECONOMIC ANALYSIS
_cWHITE.J.A
942 _2udc
_cBK
999 _c14868
_d14868